Particle analysis in oceanography
Αποθηκεύτηκε σε:
| Άλλοι συγγραφείς: | |
|---|---|
| Μορφή: | Βιβλίο |
| Γλώσσα: | English |
| Δημοσίευση: |
Berlin :
Springer-Verlag,
1991
|
| Σειρά: | NATO ASI series. Ecological sciences ;
; 27; Series G |
| Θέματα: | |
| Ετικέτες: |
Προσθήκη ετικέτας
Δεν υπάρχουν, Καταχωρήστε ετικέτα πρώτοι!
|
MARC
| LEADER | 00000nam a2200000 i 4500 | ||
|---|---|---|---|
| 001 | 1/68379 | ||
| 008 | 931130s1991 eng d | ||
| 020 | |a 3-540-51763-4 | ||
| 035 | |a ΛΕΣΒΟΣb10002061 |l 10002061 | ||
| 040 | |a GR-MY-UA |b gre |e aacr | ||
| 041 | 0 | |a eng | |
| 082 | 0 | |a 551.460028 | |
| 245 | 1 | 0 | |a Particle analysis in oceanography |
| 260 | |a Berlin : |b Springer-Verlag, |c 1991 | ||
| 300 | |a 416 p.; |c 24,6 cm. | ||
| 490 | 1 | |a NATO ASI series. Ecological sciences |v ; 27; Series G | |
| 650 | 0 | 0 | |a Optical oceanography |x Congresses. |
| 650 | 0 | 0 | |a Flow cytometry |x Congresses. |
| 700 | 1 | |a Demers, Serge |d 1951- |4 edt | |
| 830 | 0 | |a NATO ASI series. Ecological sciences ; |v ; 27; Series G | |
| 852 | |a INST |b LESVOS |e 19931130 |h 551.460028 PAR |p 005100005838 |q 005100005838 |t BK |y 0 | ||
| 909 | |a Λ |b 027018 | ||